000 00437nam a2200169 i 4500
001 42753
003 ES-MaACL
005 20230906160655.0
007 t|
008 030313s1975 sp |||| | spa d
100 1 _aCerdán Tato, Enrique.
_937471
245 1 0 _aTodos los enanos del mundo /
_cE. Cerdán Tato.
250 _a1ª ed.
260 _a[Madrid] :
_bJúcar,
_c1975.
300 _a113 p. ;
_c20 cm.
852 _aES-MaACL
_jA-7186
999 _c42753
_d42753